Match the WWE wrestlers names - Statistics

General Stats
  • This quiz has been taken 56 times
  • The average score is 63 of 85
Answer Stats
Hint Answer % Correct
Rey Mysterio
95%
Seth Rollins
95%
Finn Balor
92%
Becky Lynch
92%
Braun Strowman
92%
Drew McIntyre
90%
CM Punk
90%
Rhea Ripley
90%
AJ Styles
90%
Sami Zayn
90%
John Cena
87%
Charlotte Flair
87%
Kofi Kingston
87%
Randy Orton
87%
Cody Rhodes
87%
Bianca Belair
85%
Big E
85%
Nia Jax
85%
Shinsuke Nakamura
85%
Kevin Owens
85%
R- Truth
85%
Jimmy Uso
85%
Xavier Woods
85%
Baron Corbin
82%
Logan Paul
82%
Damian Priest
82%
Austin Theory
82%
Santos Escobar
79%
LA Knight
79%
The Miz
79%
Liv Morgan
79%
Solo Sikoa
79%
Apollo Crews
77%
Bo Dallas
77%
Montez Ford
77%
Carmelo Hayes
77%
JD Mcdonagh
77%
Bron Breakker
74%
Jade Cargill
74%
Tommaso Ciampa
74%
Chad Gable
74%
Johnny Gargano
74%
Chelsea Green
74%
Karrion Kross
74%
Bronson Reed
74%
Iyo Sky
74%
Tama Tonga
74%
Sonya Deville
72%
Jacob Fatu
72%
Ludwig Kaiser
72%
Tiffany Stratton
72%
Grayson Waller
72%
Shayna Baszler
69%
Ilja Dragunov
69%
Erik Rowan
69%
Akira Tazowa
69%
Zelina Vega
69%
Pete Dunne
67%
Maxxine Dupri
67%
B- Fab
67%
Dragon Lee
67%
Candice LeRae
67%
Dexter Lumis
67%
Piper Niven
67%
Kairi Sane
67%
Zoey Stark
67%
Lyra Valkyria
67%
Julius Creed
64%
Angelo Dawkins
64%
Cruz Del Toro
64%
Indi Hartwell
64%
Dakota Kai
64%
Tonga Loa
64%
Tyler Bates
62%
Kayden Carter
62%
Giovanni Vinci
62%
Katana Chance
59%
Blair Davenport
59%
Odyssey Jones
59%
Elektra Lopez
59%
Kit Wilson
59%
Ivy Nile
56%
Joaquin Wilde
56%
Joe Gacy
54%
Elton Prince
54%
No matching quizzes found
Score Distribution
Percent of People with Each Score
Percentile by Number Answered
Your Score History
You have not taken this quiz